000 00328nam a22001337a 4500
020 _a9789381617243
082 _a660.6
_bBIR/TE
100 _aBirendra Bahadur Singh
_9178
100 _aVinod Singh
_9659
245 _aTextbook of Basic Biotechnology
260 _aNew Delhi
_bBio-Green books
_c2013
300 _a299
942 _cBK
999 _c14407
_d14407